La transformación del saber en la enseñanza universitaria. Una aproximación desde el estudio del CDC (Record no. 189014)
[ view plain ]
| 000 -CABECERA | |
|---|---|
| campo de control de longitud fija | 01891nab a2200265 a 4500 |
| 005 - FECHA Y HORA DE LA ÚLTIMA TRANSACCIÓN | |
| campo de control | 20210223133225.0 |
| 008 - ELEMENTOS DE LONGITUD FIJA--INFORMACIÓN GENERAL | |
| campo de control de longitud fija | 991125s1985 mx 000 0 spa u |
| 035 ## - NÚMERO DE CONTROL DEL SISTEMA | |
| Número de control de sistema | UPN01000216914 |
| 049 ## - COLECCIÓN | |
| Colección | ART |
| 100 1# - ASIENTO PRINCIPAL--NOMBRE PERSONAL | |
| Nombre de persona | Jarauta Borrasca, Beatriz |
| 100 1# - ASIENTO PRINCIPAL--NOMBRE PERSONAL | |
| Filiación | trini.mentado@ub.edu |
| 100 1# - ASIENTO PRINCIPAL--NOMBRE PERSONAL | |
| Nombre de persona | Medina Moya, José Luis |
| 9 (RLIN) | 41768 |
| 100 1# - ASIENTO PRINCIPAL--NOMBRE PERSONAL | |
| Nombre de persona | Mentado Labao, Trinidad |
| 222 #0 - TÍTULO CLAVE | |
| Título clave | REVISTA DE INVESTIGACION EDUCATIVA |
| 245 03 - MENCIÓN DE TÍTULO | |
| Título | La transformación del saber en la enseñanza universitaria. Una aproximación desde el estudio del CDC |
| 260 ## - PUBLICACIÓN, DISTRIBUCIÓN, ETC. | |
| Lugar de publicación, distribución, etc. | Murcia, España |
| 300 ## - DESCRIPCIÓN FÍSICA | |
| Extensión | 471-485 |
| 362 0# - FECHAS DE PUBLICACIÓN Y/O DESIGNACIÓN SECUENCIAL | |
| Fecha de publicación y/o designación secuencial | 2016 volumen 34, número 2 |
| 520 3# - NOTA DE RESUMEN, ETC. | |
| Sumario, etc. | Este artículo tiene como objetivo mostrar el proceso seguido y los resultados obtenidos en una investigación dirigida a conocer cómo se manifiesta el Conocimiento Didáctico del Contenido (CDC) en la enseñanza universitaria, y en concreto en las transformaciones que el profesorado realiza sobre sus materias de enseñanza bajo el objeto de hacerlas más comprensibles a los estudiantes. La investigación, desarrollada a través de un estudio de casos, recurre al uso de diversas estrategias de recogida de información como la observación en el aula, las entrevistas en profundidad al profesorado y las entrevistas grupales al alumnado. Los resultados obtenidos ofrecen información acerca de algunas operaciones concretas que el profesorado realiza en aras a simplificar sus materias de enseñanza en formas y recursos asequibles a las estructuras de conocimiento de los estudiantes. Ofrece también información relevante acerca de las características y modo de adquisición del CDC en el contexto universitario |
| 653 0# - TERMINO DE INDIZACION - NO CONTROLADO | |
| Término no controlado | CONOCIMIENTO DIDACTICO DEL CONTENIDO |
| 653 0# - TERMINO DE INDIZACION - NO CONTROLADO | |
| Término no controlado | EDUCACION SUPERIOR |
| 653 0# - TERMINO DE INDIZACION - NO CONTROLADO | |
| Término no controlado | DESARROLLO PROFESIONAL DOCENTE |
| 856 4# - LOCALIZACIÓN Y ACCESO ELECTRÓNICOS | |
| Identificador Uniforme del Recurso | <a href="http://www.redalyc.org/articulo.oa?id=283346043012">http://www.redalyc.org/articulo.oa?id=283346043012</a> |
| 905 ## - TIPO DE MATERIAL | |
| Tipo de material | Articulo |
No items available.
